000 00537nam a2200157 4500
001 132131
003 ES-MaACL
005 20230906194118.0
007 t|
008 070214s1923 sp r ||||1| spa d
245 0 0 _aGuía alpina de Sierra Nevada /
_cilustrada con fotografías y croquis por Rafael María Rojas director de excursiones de la sociedad `Sierra Nevada`.
260 _aGranada :
_b[s.n.],
_c1923 (
_fTip. Comercial)
300 _a59 p. ;
_c21 cm.
700 1 _aRojas, Rafael María.
_999056
852 _aES-MaACL
_j1812-F-12
999 _c132131
_d132131